Cargo Record Book for Ships Carrying Noxious Liquid Substances in Bulk (Record no. 2156)

000 -LEADER
fixed length control field 00371nam a2200157Ia 4500
008 - FIXED-LENGTH DATA ELEMENTS--GENERAL INFORMATION
fixed length control field 191121s9999||||xx |||||||||||||| ||und||
020 ## - INTERNATIONAL STANDARD BOOK NUMBER
International Standard Book Number 9780115513824
082 ## - DEWEY DECIMAL CLASSIFICATION NUMBER
Classification number Column-5
100 ## - MAIN ENTRY--PERSONAL NAME
Personal name MSA
245 #0 - TITLE STATEMENT
Title Cargo Record Book for Ships Carrying Noxious Liquid Substances in Bulk
260 ## - PUBLICATION, DISTRIBUTION, ETC. (IMPRINT)
Name of publisher, distributor, etc MSA
260 ## - PUBLICATION, DISTRIBUTION, ETC. (IMPRINT)
Date of publication, distribution, etc 1995
300 ## - PHYSICAL DESCRIPTION
Extent 66
942 ## - ADDED ENTRY ELEMENTS (KOHA)
Item type Books
Holdings
Withdrawn status Lost status Damaged status Not for loan Shelving location Date acquired Date last seen Koha item type Source of classification or shelving scheme Collection code Permanent location Current location Full call number Barcode Public note
          2019-11-21 2019-11-21 Books              
        General Stacks 2019-11-21 2025-03-17 Books   Non-fiction IMU-MPC Library IMU-MPC Library 623.888 MSA MPC3698 Column-5
Copyright © 2021 Indian Maritime University, Mumbai Port Campus. All Rights Reserved. Managed & Maintained by Central Library, IMU-Mumbai

webs counters

Powered by Koha